• 首页
  • 本馆介绍
  • 公告通知
  • 最新文献
  • 馆藏检索
  • 电子资源
  • 读者导购
  • 参考咨询
  • 我的图书馆
  • 登录
  • 详细信息显示
  • 放入我的书架
  • 预约/预借图书
  • 作者相关作品
  • 分类相关作品
  • 丛书相关作品
  • 出版社相关作品

书目信息

  • 表格格式
  • 工作单格式
  • 卡片格式
题名:
2020年版全国一级造价工程师职业资格考试模拟试题与解析
    
 
作者: 吴学伟 主编
分册:   建设工程造价案例分析
出版信息: 北京   中国计划出版社  2020.5
页数: 312页
开本: 26cm
丛书名:
单 册:
中图分类: TU723.31 , TU723.3
科图分类:
主题词: 建筑造价管理--资格考试--题解 , 建筑造价--案例--资格考试--题解
电子资源:
ISBN: 978-7-5182-1165-4
000 00933nam0 2200253 45
001 012001000989
005 20140912133539.0
010    @a978-7-5182-1165-4@dCNY63.00
100    @a20200918d2020 em y0chiy50 ea
101 0  @achi
102    @aCN@b110000
105    @ay zq 000yy
106    @ar
200 1  @a2020年版全国一级造价工程师职业资格考试模拟试题与解析@A2020 nian ban quan guo yi ji zao jia gong cheng shi zhi ye zi ge kao shi mo ni shi ti yu jie xi@i建设工程造价案例分析@b专著@f吴学伟主编
210    @a北京@c中国计划出版社@d2020.5
215    @a312页@d26cm
330    @a本书收录了十套建设工程造价案例分析模拟测试题及答案与解析。书后附建设工程造价案例分析考试大纲等。
606 0  @a建筑造价管理@x资格考试@j题解
606 0  @a建筑造价@x案例@x资格考试@j题解
690    @aTU723.31@v5
690    @aTU723.3@v5
701  0 @a吴学伟@Awu xue wei@4主编
801  0 @aCN@bBJSDL@c20211011
905    @b1332602-5@dTU723.31@e1879@f4
    
    2020年版全国一级造价工程师职业资格考试模拟试题与解析.建设工程造价案例分析/吴学伟主编.-北京:中国计划出版社,2020.5
    312页;26cm
    
    
    ISBN 978-7-5182-1165-4:CNY63.00
    本书收录了十套建设工程造价案例分析模拟测试题及答案与解析。书后附建设工程造价案例分析考试大纲等。
●
相关链接 在E读中查询图书 在五车中查询图书 在当当中查询图书 在豆瓣中查询图书


正题名:2020年版全国一级造价工程师职业资格考试模拟试题与解析     索取号:TU723.31/1879         预约/预借

序号 登录号 条形码 馆藏地/架位号 状态 备注
1 1332602   213326024   第二样本阅览室/ [索取号:TU723.31/1879] 在馆    
2 1332603   213326033   第三借阅区/ [索取号:TU723.31/1879] 在馆    
3 1332604   213326042   第三借阅区/ [索取号:TU723.31/1879] 在馆    
4 1332605   213326051   第三借阅区/ [索取号:TU723.31/1879] 在馆    
唐山师范学院图书馆 欢迎您!
大连网信软件有限公司© 版权所有